Ennemis de Superman - Statistiques

Statistiques générales
  • Ce quiz a été pris 195 fois
  • Le résultat moyen est 6 sur 33
Statistiques - réponses
Réponse % Correct
Lex Luthor
98%
Général Zod / Zod
64%
Doomsday
62%
Darkseid
56%
Brainiac
53%
Bizarro
51%
Metallo
35%
Parasite
22%
Toyman
21%
Mongul
20%
Steppenwolf
20%
Lobo
15%
Electra / Livewire
13%
Kalibak
10%
Cyborg Superman
9%
Atomic Skull / Crâne Atomique
8%
Jax-Ur
8%
Anti-Monitor
6%
Imperiex
6%
Morgan Edge
6%
Silver Banshee / Sorcière d'Argent
6%
Ultra-Humanite
6%
Manchester Black
5%
Mercy Graves
5%
Superboy-Prime
4%
Mala
3%
Prankster / Farceur
3%
Terra-Man
1%
Volcana
1%
Kancer
0%
Magog
0%
Microwave Man / Homme Micro-Onde
0%
Monsieur Mxyztplk / Mister Mxyztplk
0%
Aucun quiz correspondant
Distribution des résultats
% des personnes avec chaque résultat
Percentile par nombre de réponses
Votre historique - résultats
Vous n’avez pas pris ce quiz